Những nguyên lý cơ bản của hóa học Giáo trình dành cho sinh viên ngành Hóa, Sinh, Y, Dược, Môi trường ... các trường đại học và cao đẳng

שמור ב:
מידע ביבליוגרפי
מחבר ראשי: Lâm Ngọc Thiềm
פורמט: ספר
שפה:Undetermined
יצא לאור: Hà Nội KHKT 1999
נושאים:
תגים: הוספת תג
אין תגיות, היה/י הראשונ/ה לתייג את הרשומה!
Thư viện lưu trữ: Trung tâm Học liệu Trường Đại học Cần Thơ
LEADER 00660nam a2200181Ia 4500
001 CTU_37608
008 210402s9999 xx 000 0 und d
082 |a 540 
082 |b Th304 
100 |a Lâm Ngọc Thiềm 
245 0 |a Những nguyên lý cơ bản của hóa học 
245 0 |b Giáo trình dành cho sinh viên ngành Hóa, Sinh, Y, Dược, Môi trường ... các trường đại học và cao đẳng 
245 0 |c Lâm Ngọc Thiềm 
260 |a Hà Nội 
260 |b KHKT 
260 |c 1999 
650 |a chemistry, physical and theoretical 
980 |a Trung tâm Học liệu Trường Đại học Cần Thơ